<?xml version="1.0" encoding="UTF-8"?>
<record
    xmlns:xsi="http://www.w3.org/2001/XMLSchema-instance"
    xsi:schemaLocation="http://www.loc.gov/MARC21/slim http://www.loc.gov/standards/marcxml/schema/MARC21slim.xsd"
    xmlns="http://www.loc.gov/MARC21/slim">

  <leader>01322nam a22003017a 4500</leader>
  <controlfield tag="001">00531</controlfield>
  <controlfield tag="003">DO-SdBNP</controlfield>
  <controlfield tag="005">20170915133100.0</controlfield>
  <controlfield tag="007">00531</controlfield>
  <controlfield tag="008">160613b   sp 19909788434522547||||| |||| 00| 0 spa d</controlfield>
  <datafield tag="020" ind1=" " ind2=" ">
    <subfield code="a">9788434520547</subfield>
  </datafield>
  <datafield tag="040" ind1=" " ind2=" ">
    <subfield code="a">BPMSU</subfield>
    <subfield code="b">spa</subfield>
    <subfield code="c">BPMSU</subfield>
  </datafield>
  <datafield tag="082" ind1=" " ind2="4">
    <subfield code="a">R 6169792</subfield>
    <subfield code="b">S587a</subfield>
  </datafield>
  <datafield tag="100" ind1="1" ind2=" ">
    <subfield code="a">Silverman , S.</subfield>
  </datafield>
  <datafield tag="245" ind1="1" ind2="0">
    <subfield code="a">Atlas en color de las manifestaciones orales del sida /</subfield>
    <subfield code="c">Sol Silverman Jr.  ; traducci&#xF3;n Jos&#xE9; M. Alcover Gonz&#xE1;lez</subfield>
  </datafield>
  <datafield tag="260" ind1=" " ind2=" ">
    <subfield code="a">Barcelona :</subfield>
    <subfield code="b">Salvat,</subfield>
    <subfield code="c">1990.</subfield>
  </datafield>
  <datafield tag="300" ind1=" " ind2=" ">
    <subfield code="a">viii, 113 p.  :</subfield>
    <subfield code="b">il., retrs,</subfield>
    <subfield code="c">28 cm.</subfield>
  </datafield>
  <datafield tag="500" ind1=" " ind2=" ">
    <subfield code="a">Incluye &#xED;ndice alfab&#xE9;tico de materias</subfield>
  </datafield>
  <datafield tag="505" ind1=" " ind2=" ">
    <subfield code="t">La naturaleza de la infecci&#xF3;n por VIH --</subfield>
    <subfield code="t">Manifestaciones orales de la infecci&#xF3;n por VIH --</subfield>
    <subfield code="t">Infecciones mic&#xF3;ticas: candidiasis --</subfield>
    <subfield code="t">Infecciones v&#xED;ricas --</subfield>
    <subfield code="t">Infecciones bacterianas --</subfield>
    <subfield code="t">Procesos malignos asociados al VIH --</subfield>
    <subfield code="t">Otras manifestaciones asociadas al VIH --</subfield>
    <subfield code="t">Presentaci&#xF3;n de casos --</subfield>
    <subfield code="t">&#xCD;ndice alfab&#xE9;tico de materias --</subfield>
  </datafield>
  <datafield tag="650" ind1=" " ind2="4">
    <subfield code="a">SIDA</subfield>
    <subfield code="v">ATLAS</subfield>
  </datafield>
  <datafield tag="650" ind1=" " ind2="4">
    <subfield code="a">INFECCIONES POR VIH</subfield>
    <subfield code="v">ATLAS</subfield>
  </datafield>
  <datafield tag="650" ind1=" " ind2="4">
    <subfield code="a">MANIFESTACIONES ORALES DE ENFERMEDADES GENERALES</subfield>
    <subfield code="v">ATLAS</subfield>
  </datafield>
  <datafield tag="700" ind1="1" ind2="2">
    <subfield code="a">Alcover Gonz&#xE1;lez, Jos&#xE9; M&#xAA;.,</subfield>
    <subfield code="e">tr.</subfield>
  </datafield>
  <datafield tag="910" ind1=" " ind2=" ">
    <subfield code="a">Validado. Control de calidad MFF</subfield>
  </datafield>
  <datafield tag="942" ind1=" " ind2=" ">
    <subfield code="2">ddc</subfield>
    <subfield code="c">BK</subfield>
  </datafield>
  <datafield tag="945" ind1=" " ind2=" ">
    <subfield code="a">Inventariado / 2017 VM</subfield>
  </datafield>
  <datafield tag="952" ind1=" " ind2=" ">
    <subfield code="0">0</subfield>
    <subfield code="1">0</subfield>
    <subfield code="2">ddc</subfield>
    <subfield code="4">0</subfield>
    <subfield code="7">0</subfield>
    <subfield code="8">CR-G</subfield>
    <subfield code="a">BPMET</subfield>
    <subfield code="b">BPMET</subfield>
    <subfield code="d">2016-06-13</subfield>
    <subfield code="e">Donaci&#xF3;n</subfield>
    <subfield code="l">0</subfield>
    <subfield code="o">R 616.9792      S587a</subfield>
    <subfield code="p">BPMSU16060178</subfield>
    <subfield code="r">2016-06-13</subfield>
    <subfield code="w">2016-06-13</subfield>
    <subfield code="y">BK</subfield>
  </datafield>
  <datafield tag="956" ind1=" " ind2=" ">
    <subfield code="a">BTAV&#xC4;REZ</subfield>
    <subfield code="b">10</subfield>
    <subfield code="c">13062016</subfield>
    <subfield code="d">00531</subfield>
  </datafield>
  <datafield tag="999" ind1=" " ind2=" ">
    <subfield code="c">10375</subfield>
    <subfield code="d">10375</subfield>
  </datafield>
</record>
